Ciudades Más Grandes en Uttar Pradesh - Estadísticas

Estadísticas generales
  • Esta prueba ha sido intentada 4 veces
  • La puntuación promedio es 2 de 10
Estadísticas de respuestas
Población Cuidad % Correcto
1,760,285 Agra
100%
985,752 Bareilly
25%
2,920,496 Kanpur
25%
2,902,920 Lucknow
25%
911,223 Aligarh
0%
2,375,820 Ghaziabad
0%
1,420,902 Meerut
0%
887,871 Moradabad
0%
1,212,395 Prayagraj
0%
1,432,280 Varanasi
0%
No se encontraron pruebas coincidentes
Distribución de puntuación
Porcentaje de gente con cada puntuación
Porcentaje por número respondido
Historial de tus puntuaciones
No has intentado esta prueba.